| 000 | 00480nam a2200169 i 4500 | ||
|---|---|---|---|
| 001 | 66308 | ||
| 003 | ES-MaACL | ||
| 005 | 20230906165608.0 | ||
| 007 | t| | ||
| 008 | 040203s1967 sp ||||1| cat d | ||
| 100 | 1 |
_aGali, Alejandro. _953389 |
|
| 245 | 1 | 0 |
_aLliçons de llenguatge _b: primer grau / _cAlejandro Gali. |
| 250 | _a[4ª ed.]. | ||
| 260 |
_aBarcelona : _b[Barcino : _bBiblograf, _c1967] |
||
| 300 |
_a98 p. : _bil. ; _c18 cm. |
||
| 852 |
_aES-MaACL _jC-53341 _bR.66473 |
||
| 999 |
_c66308 _d66308 |
||